Moha La Squale-Bienvenue à la banane - Statistiques

Statistiques générales
  • Ce quiz a été pris 41 fois
  • Le résultat moyen est 196 sur 412
Statistiques - réponses
Réponse % Correct
bien
100%
i
97%
à
94%
banane
94%
bienvenue
94%
ici
94%
la
94%
tire
94%
ça
91%
crâne
84%
ton
84%
vend
84%
de
81%
des
81%
came
75%
grand
75%
je
75%
petit
75%
tout
75%
armé
72%
d'la
72%
le
72%
même
72%
qui
72%
te
72%
j'étais
69%
t'a
66%
ma
63%
pas
63%
y'a
59%
du
56%
grands
56%
c'est
53%
rue
53%
squale
53%
il
50%
réel
47%
t'pète
47%
et
44%
gros
44%
les
44%
mon
44%
street
44%
sur
44%
tu
41%
c'était
38%
duris
38%
fait
38%
risque
38%
risqué
38%
triste
38%
est
34%
gueule
34%
t'as
34%
vingt
34%
bendero
31%
dit
31%
el
31%
l'amour
31%
shit
31%
blancs
28%
chargé
28%
charge
28%
dis
28%
époque
28%
fais
28%
four
28%
haine
28%
heures
28%
j'vendais
28%
leur
28%
main
28%
28%
qu'on
28%
s'en
28%
24/24
25%
chacal
25%
connard
25%
crocs
25%
drogue
25%
l'vingt
25%
mal
25%
midi
25%
minuit
25%
noirs
25%
on
25%
pour
25%
un
25%
fout
22%
grillé
22%
j't'ai
22%
j'viens
22%
manger
22%
poulet
22%
que
22%
terrain
22%
vraie
22%
7
19%
bonbonne
19%
camés
19%
charbonne
19%
courser
19%
elle
19%
en
19%
faisais
19%
leurs
19%
mais
19%
nous
19%
patate
19%
pourquoi
19%
remake
19%
sale
19%
sarrasins
19%
sourde
19%
sous
19%
tah
19%
tour
19%
trou
19%
veut
19%
banal
16%
cette
16%
croquer
16%
ème
16%
film
16%
juge
16%
m'sers
16%
notre
16%
pâle
16%
paname
16%
petits
16%
pisté
16%
pute
16%
saigne
16%
salée
16%
vendait
16%
au
13%
diablo
13%
gagne
13%
j'me
13%
jours
13%
l'affaire
13%
parler
13%
quitter
13%
rambo
13%
ses
13%
vient
13%
coin
9%
d'armes
9%
détailler
9%
d'quitter
9%
d'viennent
9%
fanant
9%
foutra
9%
go
9%
j'habite
9%
l'four
9%
marrant
9%
passe
9%
peu
9%
serait
9%
très
9%
t'sens
9%
viens
9%
aime
6%
c'qu'il
6%
craques
6%
deviens
6%
d'un
6%
fast
6%
j'suis
6%
l'malin
6%
l'parrain
6%
lui
6%
marrer
6%
m'fais
6%
oui
6%
pains
6%
sah
6%
t'ai
6%
t'arrachent
6%
bac
3%
croisés
3%
d'poudre
3%
d'saigner
3%
foudroie
3%
l'petit
3%
l'remake
3%
m'fait
3%
p't-être
3%
s'est
3%
Aucun quiz correspondant
Distribution des résultats
% des personnes avec chaque résultat
Percentile par nombre de réponses
Votre historique - résultats
Vous n’avez pas pris ce quiz